Permafrost Environment Features - Statistics

General Stats
  • This quiz has been taken 7 times
    6 since last reset
  • The average score is 109 of 144
Answer Stats
Question Tile Select % Correct
Which of the below photos is an ice lens? No
100%
Which of the below photos is an ice lens? No
100%
Which of the below photos is an ice lens? No
100%
Which of the below photos is an ice lens? No
100%
Which of the below photos is an ice lens? No
100%
Which of the below photos is an ice lens? No
100%
Which of the below photos is an ice lens? No
100%
Which of the below photos is an ice lens? No
100%
Which of the below photos is an ice lens? No
100%
Which of the below photos is segregated ice? No
100%
Which of the below photos is segregated ice? No
100%
Which of the below photos is segregated ice? No
100%
Which of the below photos is segregated ice? No
100%
Which of the below photos is segregated ice? No
100%
Which of the below photos is segregated ice? No
100%
Which of the below photos is segregated ice? No
100%
Which of the below photos is segregated ice? No
100%
Which of the below photos is an ice lens? No
80%
Which of the below photos is segregated ice? No
80%
Which of the below photos is segregated ice? No
80%
Which of the below photos is segregated ice? No
80%
Which of the below photos is a Pingo? No
80%
Which of the below photos is a Pingo? No
80%
Which of the below photos is a Pingo? No
80%
Which of the below photos is a Pingo? No
80%
Which of the below photos is a Pingo? No
80%
Which of the below photos is a Pingo? No
80%
Which of the below photos is a Pingo? No
80%
Which of the below photos is a Pingo? No
80%
Which of the below photos is a Pingo? No
80%
Which of the below photos is needle ice? No
80%
Which of the below photos is needle ice? No
80%
Which of the below photos is needle ice? No
80%
Which of the below photos is needle ice? No
80%
Which of the below photos is needle ice? Yes
80%
Which of the below photos is needle ice? No
80%
Which of the below photos is needle ice? No
80%
Which of the below photos is needle ice? No
80%
Which of the below photos is needle ice? No
80%
Which of the below photos is needle ice? No
80%
Which of the below photos is needle ice? No
80%
Which of the below photos is needle ice? No
80%
Which of the below photos is a boulder field? No
80%
Which of the below photos is a boulder field? No
80%
Which of the below photos is a boulder field? No
80%
Which of the below photos is a boulder field? No
80%
Which of the below photos is a boulder field? No
80%
Which of the below photos is a boulder field? No
80%
Which of the below photos is a boulder field? No
80%
Which of the below photos is a boulder field? No
80%
Which of the below photos is a boulder field? No
80%
Which of the below photos is a boulder field? No
80%
Which of the below photos is a boulder field? Yes
80%
Which of the below photos is a boulder field? No
80%
Which of the below photos is an ice wedge? No
80%
Which of the below photos is an ice wedge? No
80%
Which of the below photos is an ice wedge? No
80%
Which of the below photos is an ice wedge? No
80%
Which of the below photos is an ice wedge? No
80%
Which of the below photos is an ice wedge? No
80%
Which of the below photos is an ice wedge? No
80%
Which of the below photos is an ice wedge? No
80%
Which of the below photos is an ice wedge? No
80%
Which of the below photos is Thermokarst lakes? No
80%
Which of the below photos is Thermokarst lakes? No
80%
Which of the below photos is Thermokarst lakes? No
80%
Which of the below photos is Thermokarst lakes? No
80%
Which of the below photos is Thermokarst lakes? No
80%
Which of the below photos is Thermokarst lakes? No
80%
Which of the below photos is Thermokarst lakes? No
80%
Which of the below photos is Thermokarst lakes? No
80%
Which of the below photos is Thermokarst lakes? Yes
80%
Which of the below photos is Thermokarst lakes? No
80%
Which of the below photos is Thermokarst lakes? No
80%
Which of the below photos is Thermokarst lakes? No
80%
Which of the below photos is patterned ground? No
80%
Which of the below photos is patterned ground? No
80%
Which of the below photos is patterned ground? No
80%
Which of the below photos is patterned ground? No
80%
Which of the below photos is patterned ground? No
80%
Which of the below photos is patterned ground? No
80%
Which of the below photos is patterned ground? No
80%
Which of the below photos is patterned ground? No
80%
Which of the below photos is patterned ground? No
80%
Which of the below photos is massive ice? No
80%
Which of the below photos is massive ice? No
80%
Which of the below photos is massive ice? No
80%
Which of the below photos is massive ice? No
80%
Which of the below photos is massive ice? No
80%
Which of the below photos is massive ice? No
80%
Which of the below photos is massive ice? No
80%
Which of the below photos is massive ice? No
80%
Which of the below photos is massive ice? No
80%
Which of the below photos is massive ice? No
80%
Which of the below photos is polygonal ground? No
80%
Which of the below photos is polygonal ground? No
80%
Which of the below photos is polygonal ground? No
80%
Which of the below photos is polygonal ground? No
80%
Which of the below photos is polygonal ground? No
80%
Which of the below photos is polygonal ground? No
80%
Which of the below photos is polygonal ground? No
80%
Which of the below photos is polygonal ground? No
80%
Which of the below photos is palsa? No
80%
Which of the below photos is palsa? No
80%
Which of the below photos is palsa? No
80%
Which of the below photos is palsa? No
80%
Which of the below photos is palsa? No
80%
Which of the below photos is palsa? No
80%
Which of the below photos is palsa? No
80%
Which of the below photos is palsa? No
80%
Which of the below photos is a Pingo? No
60%
Which of the below photos is a Pingo? No
60%
Which of the below photos is an ice wedge? No
60%
Which of the below photos is an ice wedge? No
60%
Which of the below photos is an ice wedge? Yes
60%
Which of the below photos is patterned ground? No
60%
Which of the below photos is massive ice? Yes
60%
Which of the below photos is massive ice? No
60%
Which of the below photos is polygonal ground? No
60%
Which of the below photos is polygonal ground? No
60%
Which of the below photos is polygonal ground? No
60%
Which of the below photos is palsa? No
60%
Which of the below photos is palsa? No
60%
Which of the below photos is palsa? No
60%
Which of the below photos is a Thermokarst? No
60%
Which of the below photos is a Thermokarst? No
60%
Which of the below photos is a Thermokarst? No
60%
Which of the below photos is a Thermokarst? No
60%
Which of the below photos is a Thermokarst? No
60%
Which of the below photos is a Thermokarst? No
60%
Which of the below photos is a Thermokarst? No
60%
Which of the below photos is a Thermokarst? No
60%
Which of the below photos is a Thermokarst? No
60%
Which of the below photos is an ice lens? No
40%
Which of the below photos is segregated ice? Yes
40%
Which of the below photos is a Pingo? Yes
40%
Which of the below photos is patterned ground? No
40%
Which of the below photos is a Thermokarst? No
40%
Which of the below photos is a Thermokarst? No
40%
Which of the below photos is an ice lens? Yes
20%
Which of the below photos is patterned ground? Yes
20%
Which of the below photos is polygonal ground? Yes
20%
Which of the below photos is palsa? Yes
20%
Which of the below photos is a Thermokarst? Yes
20%
No matching quizzes found
Score Distribution
Percent of People with Each Score
Percentile by Number Answered
Your Score History
You have not taken this quiz since the last reset